| 000 | 00984nam a22002897a 4500 | ||
|---|---|---|---|
| 001 | 4476 | ||
| 003 | FISKH | ||
| 005 | 20240911161454.0 | ||
| 008 | 240911b cb ||||| |||| 00| 0 eng d | ||
| 020 | _a9780545351683 | ||
| 040 |
_aFISKH _beng _cFISKH _dFISKH |
||
| 050 | _aQL737.C4 | ||
| 082 | _a599.5 | ||
| 100 |
_aBerger, Melvin _eauthor |
||
| 245 |
_aWhales / _cby Melvin and Gilda Berger |
||
| 250 | _aFirst printing , May 2013 | ||
| 260 |
_aNew York : _bScholastic ; _c2013 . |
||
| 300 |
_a16 pages : _bcolor illustrations ; _c24 cm . |
||
| 490 | _aDiscovering My World | ||
| 505 | _aG | ||
| 520 | _aDescribes the biological makeup and behavior of some twenty whale species, including killer whales, blue whales, dolphins, and porpoises, and discusses their relationship to man and their threat of extinction. | ||
| 521 | 8 |
_a350
_bLexile |
|
| 521 | 8 |
_aG
_bRaz-Plus |
|
| 650 |
_aocean life _vnon-fiction |
||
| 942 |
_2ddc _cBK _n0 |
||
| 999 |
_c4476 _d4476 |
||